000 01055nam a2200241Ia 4500
003 OSt
005 20200803164144.0
008 191128t2002 ck fr 000 0 spa d
020 _a9586166643
040 _aCO-JMCR
_cCO-JMCR
041 0 _aspa
082 0 4 _a342.86102 /
_bM353e
_223
100 1 _aMartín de la Vega, Augusto,
_eautor
_98272
245 1 0 _aEstudios sobre le eficacia de la sentencia constitucional /
_cAugusto Martín de la Vega
250 _aPrimera edición
260 _aBogotá :
_bInstituto de Estudios Constitucionales Carlos Restrepo Piedrahita,
_c©2002
300 _a171 Páginas ;
_c22 cm.
490 0 _aTemas de derecho público ;
_v68
505 0 _aLa tramitación parlamentaria de los artículos 29.2 y 38.2 de la LOTC. La "mens legislatoris" -- El debate doctrinal en torno a los artículos 29.2 y 38.2 de LOTC -- La jurisprudencia del tribunal Constitucional sobre el artículo 38.2 de la LOTC
650 1 4 _aDerecho constitucional
_zColombia
_98125
651 4 _aColombia
_xCorte Constitucional
_98273
942 _2ddc
_cBK
999 _c4157
_d4157